[Event "Madrid-ch sf-B"]
[Site "Madrid"]
[Date "2016.04.02"]
[Round "9"]
[White "Martinez Alvira, Santiago"]
[Black "Leniz Martinez, Francisco"]
[Result "1-0"]
[WhiteElo "1947"]
[BlackElo "1698"]
[PlyCount "99"]
[EventDate "2016.03.03"]
[EventType "swiss"]
[EventRounds "9"]
[EventCountry "ESP"]
[SourceTitle "EXT 2017"]
[Source "ChessBase"]
[SourceDate "2016.10.25"]
[SourceVersion "1"]
[SourceVersionDate "2016.10.25"]
[SourceQuality "1"]

1. f4 Nf6 2. Nf3 g6 3. e3 Bg7 4. c4 d6 5. Nc3 c6 6. d4 0-0 7. Bd3 Bg4 8. h3 Bxf3 9. Qxf3 d5 10. c5 e6 11. Bd2 a5 12. g4 Nbd7 13. h4 h5 14. gxh5 Nxh5 15. Ne2 b6 16. cxb6 Qxb6 17. Bc3 c5 18. Rg1 c4 19. Bc2 Ndf6 20. Ng3 Ra7 21. 0-0-0 a4 22. a3 Rb8 23. Rg2 Qd8 24. Rh1 Rbb7 25. Nxh5 Nxh5 26. Rg5 Qe8 27. Rhg1 Nf6 28. h5 Nxh5 29. Qxh5 gxh5 30. Rxg7+ Kf8 31. Rg8+ Ke7 32. Rxe8+ Kxe8 33. Rg8+ Kd7 34. f5 Rc7 35. Bb4 Kc6 36. e4 exf5 37. e5 Kb7 38. Rh8 Ra8 39. Rxh5 Rg8 40. Rh1 Rg4 41. Bd6 Rc6 42. Bxa4 Rb6 43. Be8 Rg2 44. Bb4 Rg7 45. Rf1 Rbg6 46. Rxf5 Rg1+ 47. Kc2 R1g2+ 48. Kb1 Rg1+ 49. Ka2 Rd1 50. Rxf7+ 1-0

[Event "Madrid-ch sf-B"]
[Site "Madrid"]
[Date "2016.03.19"]
[Round "7"]
[White "Pindado Campos, Raul"]
[Black "Martinez Alvira, Santiago"]
[Result "1-0"]
[WhiteElo "2035"]
[BlackElo "1947"]
[PlyCount "119"]
[EventDate "2016.03.03"]
[EventType "swiss"]
[EventRounds "9"]
[EventCountry "ESP"]
[SourceTitle "EXT 2017"]
[Source "ChessBase"]
[SourceDate "2016.10.25"]
[SourceVersion "1"]
[SourceVersionDate "2016.10.25"]
[SourceQuality "1"]

1. d4 e6 2. c4 f5 3. Nc3 d5 4. cxd5 exd5 5. Nf3 Nf6 6. Bg5 c6 7. e3 Bd6 8. Bd3 0-0 9. Qc2 h6 10. Bh4 g5 11. Bg3 Ne4 12. Bxd6 Qxd6 13. Ne5 Nd7 14. Nxd7 Bxd7 15. 0-0 Rae8 16. a3 Nxc3 17. bxc3 c5 18. c4 cxd4 19. exd4 dxc4 20. Bxc4+ Kg7 21. Qb2 b6 22. Bd3 Qd5 23. Rac1 Rc8 24. Bb1 Bc6 25. f3 Rfd8 26. Rfd1 Bb5 27. Rxc8 Rxc8 28. Re1 Rd8 29. Re5 Qxd4+ 30. Qxd4 Rxd4 31. Rxb5 Ra4 32. Rb3 Kf6 33. Kf2 g4 34. Bd3 Rd4 35. Ke3 Rd6 36. f4 Re6+ 37. Kd2 Rd6 38. Rb5 a6 39. Rxf5+ Kg7 40. Ke3 b5 41. Rc5 Rb6 42. Bf5 a5 43. Bxg4 b4 44. Rxa5 bxa3 45. Rxa3 Kf6 46. Be2 Re6+ 47. Kf3 Re7 48. Ra6+ Kg7 49. Bd3 Rd7 50. Be4 h5 51. Rg6+ Kf7 52. Rh6 Rd1 53. Rxh5 Rf1+ 54. Kg4 Re1 55. Bd5+ Kg6 56. Rg5+ Kf6 57. h4 Re8 58. h5 Rh8 59. Rg8 Rh7 60. Rf8+ 1-0

[Event "Madrid-ch sf-B"]
[Site "Madrid"]
[Date "2016.03.18"]
[Round "6"]
[White "Martinez Alvira, Santiago"]
[Black "Vukotic Jovsic, Dragan"]
[Result "1/2-1/2"]
[WhiteElo "1947"]
[BlackElo "1977"]
[PlyCount "83"]
[EventDate "2016.03.03"]
[EventType "swiss"]
[EventRounds "9"]
[EventCountry "ESP"]
[SourceTitle "EXT 2017"]
[Source "ChessBase"]
[SourceDate "2016.10.25"]
[SourceVersion "1"]
[SourceVersionDate "2016.10.25"]
[SourceQuality "1"]

1. f4 d5 2. Nf3 c5 3. e3 Nc6 4. b3 Nf6 5. Bb2 e6 6. Bb5 Bd7 7. 0-0 Be7 8. Bxc6 Bxc6 9. Ne5 Rc8 10. d3 0-0 11. Nd2 b5 12. Nxc6 Rxc6 13. a4 a6 14. axb5 axb5 15. Qf3 Qb6 16. Ra2 c4 17. bxc4 bxc4 18. Bd4 Bc5 19. Rb1 Qc7 20. Bxc5 Rxc5 21. dxc4 dxc4 22. Rb7 Qd6 23. Nf1 Rc7 24. Rb1 Nd5 25. Rd1 Qc5 26. Rd4 Nc3 27. Ra6 Qb5 28. Rad6 Nd5 29. f5 Qc5 30. Qg3 Nf6 31. fxe6 fxe6 32. Rxe6 Qf5 33. Qe5 Qxc2 34. Rxf6 Rxf6 35. Rd8+ Rf8 36. Rxf8+ Kxf8 37. Qxc7 c3 38. Qc5+ Kf7 39. e4 Qc1 40. Qc4+ Kf8 41. Qc5+ Kf7 42. Qc4+ 1/2-1/2

[Event "Madrid-chT 1516"]
[Site "Madrid"]
[Date "2016.01.17"]
[Round "6.46"]
[White "Martinez Alvira, Santiago"]
[Black "Martinez Rodriguez, Pablo"]
[Result "0-1"]
[WhiteElo "1959"]
[BlackElo "2259"]
[PlyCount "130"]
[EventDate "2015.11.22"]
[EventType "team-tourn"]
[EventRounds "14"]
[EventCountry "ESP"]
[SourceTitle "EXT 2017"]
[Source "ChessBase"]
[SourceDate "2016.10.25"]
[SourceVersion "1"]
[SourceVersionDate "2016.10.25"]
[SourceQuality "1"]
[WhiteTeam "Villalba 64"]
[BlackTeam "Collado Villalba"]
[WhiteTeamCountry "ESP"]
[BlackTeamCountry "ESP"]

1. f4 Nf6 2. Nf3 c5 3. b3 g6 4. Bb2 Bg7 5. e3 0-0 6. Be2 d6 7. 0-0 Nc6 8. Qe1 e5 9. Qh4 exf4 10. exf4 Nh5 11. Qxd8 Rxd8 12. Bxg7 Kxg7 13. g3 Bg4 14. Nc3 Nb4 15. Rac1 Nf6 16. a3 Nc6 17. Kg2 a6 18. h3 Bd7 19. Bd3 b5 20. Ne4 Bf5 21. Rfe1 Bxe4 22. Bxe4 d5 23. Bd3 c4 24. Bf1 Re8 25. d3 c3 26. Kf2 Nd7 27. Bg2 f6 28. Nh2 Nb6 29. Nf1 Nd4 30. Ne3 Rad8 31. Nd1 Rxe1 32. Kxe1 Re8+ 33. Kf2 Re2+ 34. Kf1 Rxc2 35. Rxc2 Nxc2 36. Nxc3 Nxa3 37. Nxd5 Nxd5 38. Bxd5 Nc2 39. Ke2 a5 40. Kd2 Nd4 41. Ke3 Nf5+ 42. Kf2 Kf8 43. g4 Ne7 44. Be6 Nc6 45. Ke3 Ke7 46. Bg8 h6 47. Ke4 Kd6 48. d4 f5+ 49. gxf5 gxf5+ 50. Kxf5 Ne7+ 51. Ke4 Nxg8 52. f5 Nf6+ 53. Kd3 Kd5 54. Ke3 h5 55. Kd3 h4 56. Ke3 Ne4 57. Kf4 a4 58. bxa4 bxa4 59. Kg4 a3 60. Kxh4 a2 61. Kh5 a1Q 62. h4 Qg1 63. Kh6 Qg8 64. h5 Nd6 65. f6 Nf7# 0-1